Las aptitudes funcionales y la educación
Enregistré dans:
| Auteur principal: | |
|---|---|
| Format: | Livre |
| Langue: | espagnol |
| Publié: |
Buenos Aires
Nova
1954
|
| Collection: | Biblioteca Nova de Educación
|
| Sujets: | |
| Tags: |
Ajouter un tag
Pas de tags, Soyez le premier à ajouter un tag!
|
MARC
| LEADER | 00000nam a2200000 a 4500 | ||
|---|---|---|---|
| 001 | UCW6455 | ||
| 003 | CL-VaPUC | ||
| 008 | 920114e19540000AG |||||||||||||||||spa|d | ||
| 082 | 0 | 4 | |a 370.21 |b VAN |2 21 |
| 100 | 0 | |a Vanquelin, Roberto |e author |9 311486 | |
| 245 | 1 | 4 | |a Las aptitudes funcionales y la educación |
| 300 | |a 321 p | ||
| 942 | |c BK | ||
| 945 | |d 19920114 00:00:00 | ||
| 260 | |a Buenos Aires |b Nova |c 1954 | ||
| 650 | 0 | |a Psicología del aprendizaje |9 306854 | |
| 583 | |a last modification |c 19920114 00:00:00 |k Rodrigo Vera | ||
| 490 | 0 | |a Biblioteca Nova de Educación | |
| 999 | |c 219509 |d 219507 | ||
| 952 | |0 0 |1 0 |4 0 |6 370_210000000000000_VAN_1954 |7 0 |8 P |9 210511 |a BIBEDU |b BIBEDU |c BIBEDU_PB |d 2019-11-15 |i 2786524 |o 370.21 VAN 1954 |p 2786524 |r 2024-01-25 |w 2019-11-15 |y BK |k EDU | ||
| 952 | |0 0 |1 0 |4 0 |6 370_210000000000000_VAN_1954 |7 0 |8 P |9 210512 |a BIBEDU |b BIBEDU |c BIBEDU_PB |d 2019-11-15 |i 2786532 |o 370.21 VAN 1954 |p 2786532 |r 2024-01-25 |w 2019-11-15 |y BK |k EDU | ||